Štíhly podnik - podmienky úspešnej implementácie
Stratégia zavádzania štíhlej výroby. Hodnotenie dosiahnutej úrovne štíhlej výroby - lean assessment. Projekt implementácie štíhlej výroby. Realizácia zmien - akčné plány. Monitorovanie a reporting. Implementačný projekt - na úrovni procesov. Audity stavu a pokroku v zavádzaní štíhlej výroby na proce...
Gespeichert in:
| 1. Verfasser: | |
|---|---|
| Weitere Verfasser: | , |
| Format: | Buchkapitel |
| Sprache: | Slowakisch |
| Schlagworte: | |
| Tags: |
Keine Tags, Fügen Sie das erste Tag hinzu!
|
MARC
| LEADER | 00000naa a2200000 4500 | ||
|---|---|---|---|
| 001 | 0236643 | ||
| 005 | 20231208115131.5 | ||
| 041 | 0 | |a slo | |
| 044 | |a SK | ||
| 245 | 1 | 0 | |a Štíhly podnik - podmienky úspešnej implementácie |c Tomáš Gregor, Michal Major, Milan Gregor |
| 520 | |a Stratégia zavádzania štíhlej výroby. Hodnotenie dosiahnutej úrovne štíhlej výroby - lean assessment. Projekt implementácie štíhlej výroby. Realizácia zmien - akčné plány. Monitorovanie a reporting. Implementačný projekt - na úrovni procesov. Audity stavu a pokroku v zavádzaní štíhlej výroby na procesnej úrovni. Zavedené projekty štíhleho podniku na Slovensku. | ||
| 610 | 2 | 0 | |a podnik výrobný |
| 610 | 2 | 0 | |a výroba štíhla |
| 610 | 2 | 0 | |a projekty |
| 610 | 2 | 0 | |a procesy podnikové |
| 610 | 2 | 0 | |a audit |
| 610 | 2 | 0 | |a kontrola |
| 610 | 2 | 0 | |a kaizen |
| 610 | 2 | 0 | |a kvalita |
| 100 | 1 | |a Gregor, Tomáš | |
| 700 | 1 | |a Major, Michal | |
| 700 | 1 | |a Gregor, Milan | |